Statistics for Biggest Cities on the Isle of Anglesey on a Map

Click here to take the quiz!

General Stats

  • This quiz has been taken 57 times
  • The average score is 6 of 10

Answers on the Map

Answers color-coded by a green-red scale on the quiz's map according to % correct below.
 

Answer Stats

PopulationSettlement% Correct
11,981Holyhead
90%
3,007Llanfairpwllgwyngyll
79%
4,776Menai Bridge
69%
3,265Amlwch
62%
2,206Benllech
60%
5,226Llangefni
55%
2,369Valley
50%
1,233Gaerwen
40%
1,208Llannerch-y-medd
40%
1,468Trearddur
38%

Score Distribution

Percentile by Number Answered

Percent of People with Each Score

Your Score History

You have not taken this quiz